El Acuerdo Multilateral de Inversiones
Guardat en:
| Autor principal: | |
|---|---|
| Format: | Text |
| Matèries: | |
| Etiquetes: |
Afegir etiqueta
Sense etiquetes, Sigues el primer a etiquetar aquest registre!
|
MARC
| LEADER | 00000 a a2200000 04500 | ||
|---|---|---|---|
| 001 | 31770 | ||
| 003 | |||
| 040 | |||
| 090 | |a 198900 | ||
| 100 | |a Lander, Edgardo | ||
| 245 | |a El Acuerdo Multilateral de Inversiones | ||
| 300 | |a 36 p. | ||
| 650 | |a INVERSIONES | ||
| 650 | |a ACUERDOS INTERNACIONALES | ||
| 650 | |a EMPRESAS TRANSNACIONALES | ||
| 650 | |a OCDE | ||
| 650 | |a FOMENTO DE LAS INVERSIONES | ||
| 650 | |a MOVIMIENTOS SOCIALES | ||
| 999 | |c 16564 |d 16564 | ||
